000 00263nam a2200097Ia 4500
001 1141589
005 20250827010122.0
008 250824s9999 xx 000 0 und d
245 0 _aYUVAYA DÖNÜŞ
_cURSULA K. LE GUİN
260 _bGÜNIŞIĞI KİTAPLIĞI YAYINLARI
999 _c1141589
_d1141589